000 02628nam0a2200409 i 4500
001 RU\NLR\BIBL_A\010750489
005 20241101012544.0
010 _a9785904868154
_9200
021 _aRU
_b2015-22557
_91344
035 _a(NILC)RuMoRGB-007896115
035 _a(NLR Aleph) 010750489
090 _a9938936
_c9938936
100 _a20150512d2014 km y0rusy50 ca
101 0 _arus
_deng
102 _aRU
105 _aab||z||||01yy
200 1 _aТрансформация природной среды горного региона под воздействием горнодобывающей деятельности
_dTransformation of the mountain region environment under the influence of mimning activity
_eна примере Республики Северная Осетия-Алания
_fВ. Б. Заалишвили, О. Г. Бурдзиева
_gЦентр геофизических исслед. Владикавк. науч. центра Российской акад. наук и Правительства Республики Северная Осетия-Алания
_zeng
210 _aВладикавказ
_cЦГИ ВНЦ РАН и РСО-А
_d2014
215 _a131 с.
_cил., карт., цв. карт.
_d21
300 _aАвт. также на англ. яз.: V. B. Zaalishvili, O. G. Burdzieva
300 _aРез. на англ. яз.
320 _aБиблиогр.: с. 124-131 (92 назв.)
510 1 _6z11790
_aTransformation of the mountain region environment under the influence of mimning activity
_zeng
606 1 _aГеологическая среда горных областей
_xИзменение
_xВлияние горных работ
_yСеверная Осетия-Алания, Республика
_92233430
_3RU\NLR\AUTH\6601572632
606 1 _aОкружающая среда
_xЗагрязнение отходами горнорудной промышленности
_yСеверная Осетия-Алания, Республика
_92233433
_3RU\NLR\AUTH\6601572633
686 1 _aД312.8
686 1 _aД492.298(2Р37-6С)
686 1 _aР121.101.005(2Р37-6С)
700 1 _aЗаалишвили
_bВ. Б.
_gВладислав Борисович
701 1 _7ca
_8rus
_aБурдзиева
_bО. Г.
_gОльга Германовна
_9159232
_3RU\NLR\AUTH\770159273
790 1 _6z11
_aZaalisvili
_bV. B.
_gVladislav Borisovic
790 1 _7ba
_8rus
_aBurdzieva
_bO. G.
_gOl'ga Germanovna
_9159236
_3RU\NLR\AUTH\770159277
801 0 _aRU
_bРГБ
_c20150325
_gRCR
942 _cBOOK
980 _aNBR